000 00773nam a2200205 u 4500
001 000034614
005 20200930073810.0
008 111010s2008 cl 000 0 spa d
020 _a9789583005404
040 _aDO-SdBNP
_bspa
_cBNPHU
082 _axxxx
_bxxxx
100 1 _aDescartes, René,
_d1596-1650
_935917
245 1 0 _aDiscurso del método /
_cRené Descartes ; traducción, introducción y notas Víctor Florián Bocanegra ; edición Gabriel Silva Rincón.
260 _aBogotá, :
_bPanamericana,
_c2008.
300 _a137 p. ;
_c21 cm.
500 _aIncluye notas al pie de las páginas
500 _aLa biblioteca posee la séptima reimpresión del 2008
700 1 _aFlorián Bocanegra, Víctor,
_etr.
_960056
700 1 _aSilva Rincón, Gabriel,
_eed.
_960057
999 _c34105
_d34105